[Event "Unna Open 2023"]
[Site "Unna"]
[Date "2023.12.27"]
[Round "2.49"]
[White "Schulze-Ardey, Dario"]
[Black "Schweda, Albert"]
[Result "0-1"]
[WhiteElo "1119"]
[BlackElo "1479"]
[PlyCount "130"]
[EventDate "2023.12.??"]
[EventType "swiss"]
[EventRounds "7"]
[EventCountry "GER"]
[Tiebreak "Progressive score"]
[SourceVersionDate "2023.12.27"]

1. e4 c5 2. Nf3 Nc6 3. d4 cxd4 4. Nxd4 Qb6 5. Nf3 e6 6. Nc3 Bc5 7. Be3 Bxe3 8.
fxe3 Qxe3+ 9. Be2 Nf6 10. Qd3 Ng4 11. Rf1 O-O 12. h3 Qxd3 13. Bxd3 Nge5 14.
O-O-O a6 15. g4 b5 16. a3 Bb7 17. Nxe5 Nxe5 18. Rg1 Rac8 19. h4 Bc6 20. h5 Nf3
21. Rg3 Ng5 22. h6 g6 23. e5 Nf3 24. g5 Nxe5 25. Re1 Nxd3+ 26. cxd3 a5 27. Rg4
Rc7 28. Kb1 f5 29. Rgg1 b4 30. axb4 axb4 31. Na2 b3 32. Nc3 Rb8 33. Re5 Rb4 34.
Rc1 Rcb7 35. Rd1 Rg4 36. d4 Be4+ 37. Kc1 Rc7 38. Kd2 Rg2+ 39. Ke1 Rg1+ 40. Ke2
Rxd1 41. Kxd1 Rc4 42. Nxe4 fxe4 43. Rxe4 Kf7 44. Rf4+ Ke7 45. Re4 d6 46. Kd2
Rc2+ 47. Kd3 Rxb2 48. Kc3 Rg2 49. d5 e5 50. Kxb3 Rxg5 51. Kc3 Rh5 52. Kd3 Rxh6
53. Ke3 Rh3+ 54. Kf2 Rd3 55. Rh4 h5 56. Ke2 Rxd5 57. Ke3 Kf6 58. Ke4 Rd4+ 59.
Kf3 Rxh4 60. Kg3 Rg4+ 61. Kh3 e4 62. Kh2 e3 63. Kh3 e2 64. Kh2 e1=R 65. Kh3
Rh1# 0-1

[Event "Unna Open 2023"]
[Site "Unna"]
[Date "2023.12.27"]
[Round "2.50"]
[White "Van Gaalen, Jakob"]
[Black "Mazaheri, Amirmahyar"]
[Result "1-0"]
[WhiteElo "1451"]
[BlackElo "919"]
[PlyCount "43"]
[EventDate "2023.12.??"]
[EventType "swiss"]
[EventRounds "7"]
[EventCountry "GER"]
[Tiebreak "Progressive score"]
[SourceVersionDate "2023.12.27"]

1. e4 e5 2. Nf3 Nc6 3. d4 exd4 4. Nxd4 Nf6 5. Nc3 Bb4 6. Nxc6 bxc6 7. Bd3 d5 8.
exd5 Nxd5 9. Bd2 O-O 10. O-O Re8 11. Nxd5 Bxd2 12. Nxc7 Qxc7 13. Qxd2 Rb8 14.
Rfe1 Rxe1+ 15. Rxe1 Qd7 16. b3 Bb7 17. Bxh7+ Kxh7 18. Qxd7 Kg6 19. h4 Bc8 20.
Qxc6+ f6 21. Qe8+ Kf5 22. Qe4# 1-0

[Event "Unna Open 2023"]
[Site "Unna"]
[Date "2023.12.27"]
[Round "2.51"]
[White "Ilic, Mihajlo"]
[Black "Schulz, Robin"]
[Result "0-1"]
[WhiteElo "1010"]
[BlackElo "1451"]
[PlyCount "50"]
[EventDate "2023.12.??"]
[EventType "swiss"]
[EventRounds "7"]
[EventCountry "GER"]
[Tiebreak "Progressive score"]
[SourceVersionDate "2023.12.27"]

1. e4 c6 2. d4 d5 3. exd5 cxd5 4. Bd3 Nf6 5. h3 Nc6 6. Nf3 e6 7. Bf4 Bd6 8.
Bxd6 Qxd6 9. O-O O-O 10. Re1 Re8 11. Nbd2 e5 12. dxe5 Nxe5 13. c4 Nxd3 14.
Rxe8+ Nxe8 15. b3 Bf5 16. Nd4 Qc5 17. Nxf5 Qxf2+ 18. Kh1 Qxf5 19. Qc2 Nf2+ 20.
Kg1 Qxc2 21. Kxf2 Qxd2+ 22. Kf1 Nf6 23. g4 Ne4 24. Kg1 Qf2+ 25. Kh1 Ng3# 0-1

[Event "Unna Open 2023"]
[Site "Unna"]
[Date "2023.12.27"]
[Round "2.52"]
[White "Leufert, Jan-Frederik"]
[Black "Soppe, Peter"]
[Result "0-1"]
[WhiteElo "930"]
[BlackElo "1451"]
[PlyCount "82"]
[EventDate "2023.12.??"]
[EventType "swiss"]
[EventRounds "7"]
[EventCountry "GER"]
[Tiebreak "Progressive score"]
[SourceVersionDate "2023.12.27"]

1. d4 d5 2. Nf3 Nc6 3. Bf4 Bg4 4. e3 Nf6 5. Bb5 e6 6. Nc3 Bd6 7. Bxc6+ bxc6 8.
Bxd6 Qxd6 9. h3 Bh5 10. g4 Bg6 11. Ne5 Rb8 12. Nxg6 hxg6 13. b3 Nd7 14. Qf3 Qb4
15. Kd2 Qd6 16. Qg2 c5 17. Qh2 cxd4 18. Qxd6 dxc3+ 19. Kxc3 cxd6 20. Kb2 Ke7
21. h4 Ne5 22. Rag1 Nf3 23. Rg3 Nxh4 24. Rgh3 g5 25. f4 Ng6 26. Rxh8 Rxh8 27.
Rxh8 Nxh8 28. a4 gxf4 29. exf4 Ng6 30. f5 exf5 31. gxf5 Nh4 32. b4 Nxf5 33. Kc3
Kd7 34. b5 Kc7 35. Kb4 g5 36. Ka5 Kb7 37. Kb4 g4 38. c4 g3 39. c5 dxc5+ 40.
Kxc5 d4 41. a5 a6 0-1

[Event "Unna Open 2023"]
[Site "Unna"]
[Date "2023.12.27"]
[Round "2.54"]
[White "Weiner, Letizia Marilena"]
[Black "Stutt, Jonas"]
[Result "0-1"]
[WhiteElo "909"]
[BlackElo "1412"]
[PlyCount "68"]
[EventDate "2023.12.??"]
[EventType "swiss"]
[EventRounds "7"]
[EventCountry "GER"]
[Tiebreak "Progressive score"]
[SourceVersionDate "2023.12.27"]

1. d4 d5 2. Bf4 Nf6 3. e3 e6 4. c3 Bd6 5. Bg3 O-O 6. Bd3 b6 7. Qe2 a5 8. e4
dxe4 9. Bxe4 Nxe4 10. Qxe4 c6 11. Nd2 Ba6 12. c4 Bb4 13. b3 Bxd2+ 14. Kxd2 Nd7
15. Qxc6 Rc8 16. Qe4 Nf6 17. Qd3 Qe7 18. Qe3 Rfd8 19. d5 Nxd5 20. Qf3 Qb4+ 21.
Ke2 Bxc4+ 22. bxc4 Qb2+ 23. Ke1 Qxa1+ 24. Qd1 Qc3+ 25. Kf1 Ne3+ 26. fxe3 Rxd1+
27. Kf2 Qe1+ 28. Kf3 Qf1+ 29. Bf2 Qxc4 30. h3 Qd5+ 31. Kg3 Qe5+ 32. Kf3 Rc2 33.
g3 Qf5+ 34. Kg2 Qxf2# 0-1

[Event "Unna Open 2023"]
[Site "Unna"]
[Date "2023.12.28"]
[Round "3.1"]
[White "Luft, Dennis"]
[Black "Mann, Gergely"]
[Result "1-0"]
[WhiteElo "2310"]
[BlackElo "2051"]
[PlyCount "63"]
[EventDate "2023.12.??"]
[EventType "swiss"]
[EventRounds "7"]
[EventCountry "GER"]
[Tiebreak "Progressive score"]
[SourceVersionDate "2023.12.27"]

{[%evp 0,63,23,23,23,6,6,24,24,-7,-16,-4,17,9,11,8,44,47,45,27,28,29,25,21,17,
21,40,40,33,17,21,6,90,89,81,118,163,158,179,192,197,193,203,140,216,215,222,
159,164,183,184,181,189,194,202,192,218,206,272,191,287,254,254,253,260,282]} 
1. d4 d5 2. c4 e6 3. Nf3 Nf6 4. g3 dxc4 5. Bg2 a6 6. O-O Nc6 7. Nc3 Bd7 8. Ne5
Na5 9. d5 Bd6 10. Nxd7 Qxd7 11. Bg5 Nxd5 12. Nxd5 exd5 13. Qxd5 Qb5 14. Bd2 Nc6
15. Qe4+ Be7 16. a4 Qxb2 17. Qxc4 Qf6 18. Rab1 O-O 19. Bc3 Qf5 20. Rxb7 Ne5 21.
Qd5 Bf6 22. f4 Nf3+ 23. Bxf3 Qxd5 24. Bxd5 Bxc3 25. Rxc7 Bd4+ 26. Kg2 Rab8 27.
Rd7 Rb4 28. Rc1 g6 29. Rc4 a5 30. Rxd4 Rxd4 31. Bxf7+ Rxf7 32. Rxd4 1-0

[Event "Unna Open 2023"]
[Site "Unna"]
[Date "2023.12.28"]
[Round "3.2"]
[White "Baumann, Stephan"]
[Black "Tkachuk, Konstantin"]
[Result "0-1"]
[WhiteElo "2062"]
[BlackElo "2241"]
[PlyCount "80"]
[EventDate "2023.12.??"]
[EventType "swiss"]
[EventRounds "7"]
[EventCountry "GER"]
[Tiebreak "Progressive score"]
[SourceVersionDate "2023.12.27"]

{[%evp 0,80,23,11,50,43,49,47,52,27,16,-1,16,38,18,32,3,3,3,1,-6,-24,30,-29,
-30,-55,-46,-60,-112,-56,-64,-102,-114,-102,-109,-105,-99,-109,-106,-127,-112,
-131,-131,-143,-109,-141,-125,-122,-115,-146,-147,-146,-149,-168,-151,-143,
-152,-265,-138,-189,-147,-272,-168,-209,-209,-218,-218,-201,-222,-216,-223,
-228,-226,-213,-223,-415,-416,-471,-494,-542,-556,-709,-754]} 1. e4 c5 2. Nc3
Nc6 3. Bb5 Nd4 4. Bc4 e6 5. Nge2 Nf6 6. O-O a6 7. d3 b5 8. Bb3 Nxb3 9. axb3 Bb7
10. f4 Qb6 11. Ng3 c4+ 12. d4 cxb3 13. cxb3 h5 14. e5 h4 15. exf6 hxg3 16. hxg3
gxf6 17. Be3 f5 18. Qe2 Rc8 19. Rac1 Be7 20. Nb1 Rxc1 21. Rxc1 Bd5 22. Nd2 Bf6
23. Nf3 Ke7 24. Qd2 Qb7 25. Ne1 Rc8 26. Rc3 d6 27. Qc2 Kd7 28. Nd3 Be4 29. Qd2
Bd5 30. Qc2 a5 31. Qd2 Rxc3 32. Qxc3 b4 33. Qc2 Qb6 34. Qf2 Bxb3 35. d5 Qb5 36.
dxe6+ fxe6 37. Qd2 Qd5 38. g4 fxg4 39. f5 exf5 40. Bf4 Bc4 0-1

[Event "Unna Open 2023"]
[Site "Unna"]
[Date "2023.12.28"]
[Round "3.3"]
[White "Cofmann, Veaceslav"]
[Black "Höllmann, Ludger"]
[Result "1-0"]
[WhiteElo "2210"]
[BlackElo "2015"]
[PlyCount "77"]
[EventDate "2023.12.??"]
[EventType "swiss"]
[EventRounds "7"]
[EventCountry "GER"]
[Tiebreak "Progressive score"]
[SourceVersionDate "2023.12.27"]

{[%evp 0,77,23,23,26,24,24,4,18,4,2,2,5,9,7,-10,35,32,38,23,33,10,15,15,9,9,11,
16,14,11,11,11,20,17,20,12,39,24,21,21,51,56,63,66,81,63,72,63,74,74,73,75,92,
73,75,50,69,66,68,76,75,84,84,81,84,84,94,87,98,96,103,113,112,139,176,211,698,
704,709,723]} 1. d4 d5 2. c4 e6 3. Nc3 Nf6 4. cxd5 exd5 5. Bg5 c6 6. e3 h6 7.
Bh4 Be7 8. Bd3 O-O 9. Nge2 Re8 10. Qc2 Nbd7 11. O-O Ne4 12. Bxe7 Qxe7 13. Bxe4
dxe4 14. d5 Nb6 15. Rad1 cxd5 16. Nxd5 Nxd5 17. Rxd5 Bg4 18. Ng3 Rad8 19. Rxd8
Qxd8 20. h3 Be6 21. Qxe4 b5 22. Qb1 Qa5 23. a3 b4 24. axb4 Qxb4 25. Rd1 Rc8 26.
Rd4 Qb3 27. Qa1 Kh7 28. Rd2 Qb4 29. Qb1+ Kh8 30. Qd1 Kh7 31. Ne2 Bb3 32. Qb1+
g6 33. Nc3 Qb7 34. Qd3 Be6 35. Qd4 Rc4 36. Qe5 Rc8 37. Ne4 Qc7 38. Nf6+ Kh8 39.
Qxc7 1-0

[Event "Unna Open 2023"]
[Site "Unna"]
[Date "2023.12.28"]
[Round "3.4"]
[White "Winterberg, Andreas"]
[Black "Köhler, Christian Friedrich"]
[Result "1-0"]
[WhiteElo "1973"]
[BlackElo "2210"]
[PlyCount "91"]
[EventDate "2023.12.??"]
[EventType "swiss"]
[EventRounds "7"]
[EventCountry "GER"]
[Tiebreak "Progressive score"]
[SourceVersionDate "2023.12.27"]

{[%evp 0,75,23,11,77,59,51,31,86,74,144,41,74,77,72,47,51,51,33,42,25,22,26,18,
36,10,3,-4,2,2,38,-36,-16,-42,12,11,7,17,18,54,26,26,26,0,3,29,17,33,17,16,9,
-6,7,5,-4,-8,-7,0,0,5,0,0,12,0,10,20,35,25,0,31,69,60,122,132,294,282,285,268]
} 1. e4 c6 2. Nc3 d5 3. Nf3 Bg4 4. h3 Bh5 5. g4 Bg6 6. exd5 cxd5 7. Ne5 Nc6 8.
d4 e6 9. h4 f6 10. Nxc6 bxc6 11. h5 Bf7 12. Bf4 Bd6 13. Bxd6 Qxd6 14. Qd2 Ne7
15. Bh3 O-O 16. O-O-O Nc8 17. g5 Bxh5 18. Rde1 f5 19. Bxf5 Rxf5 20. Rxh5 g6 21.
Rh6 Qe7 22. Reh1 Rf7 23. f4 Nd6 24. Qh2 Rg7 25. Ne2 Nf5 26. Rh3 Rb8 27. Rb3
Rxb3 28. axb3 Qb4 29. Qf2 a5 30. Qe1 Re7 31. Qc3 Qb5 32. Kd2 Ra7 33. Ra1 Nd6
34. Ng3 Rf7 35. Rxa5 Qb6 36. Ra8+ Kg7 37. Qe3 Ne4+ 38. Nxe4 dxe4 39. Qxe4 Qb4+
40. c3 Qd6 41. Ke3 Rf5 42. Ra6 Qb8 43. Rxc6 Qxb3 44. Rc7+ Kg8 45. Qa8+ Rf8 46.
Qa7 1-0

[Event "Unna Open 2023"]
[Site "Unna"]
[Date "2023.12.28"]
[Round "3.5"]
[White "Korten, Lando"]
[Black "Kantor, Nikita"]
[Result "1-0"]
[WhiteElo "2173"]
[BlackElo "1919"]
[Annotator "Medger,Gernot"]
[PlyCount "95"]
[EventDate "2023.12.??"]
[EventType "swiss"]
[EventRounds "7"]
[EventCountry "GER"]
[Tiebreak "Progressive score"]
[SourceVersionDate "2023.12.27"]

{[%evp 0,75,26,23,40,-7,13,18,30,25,27,5,39,16,31,22,4,-4,20,21,17,17,23,15,15,
10,29,8,20,-2,33,36,26,32,53,34,38,26,40,25,54,46,78,78,75,58,61,64,60,75,105,
56,73,58,54,63,56,76,75,35,126,103,68,33,21,28,61,62,72,32,69,64,95,100,83,75,
153,159]} 1. d4 e6 2. c4 Nf6 3. Nc3 Bb4 4. e3 O-O 5. Nge2 Re8 6. a3 Bf8 7. Ng3
d5 8. Bd3 b6 9. O-O Ba6 10. cxd5 exd5 11. Bxa6 Nxa6 12. Qd3 Nb8 13. Rd1 Nc6 14.
b4 a5 15. b5 Na7 16. Rb1 Nc8 17. f3 Bd6 18. Nf5 Ne7 19. Nxd6 Qxd6 20. e4 Qe6
21. e5 Nd7 22. Ne2 Nf8 23. a4 Rac8 24. Ba3 Qh6 25. Rdc1 Neg6 26. Rc3 Ne6 27.
Bc1 Qh4 28. g3 Qh3 29. Be3 f5 30. Re1 Rf8 31. Bf2 f4 32. g4 Ng5 33. Kh1 Nh4 34.
Bxh4 Qxh4 35. Rf1 h5 36. gxh5 Qxh5 37. Rc6 Qh4 38. Ng1 Qh7 39. Qxh7+ Kxh7 $11
40. Rfc1 Nf7 41. Rxc7 Rxc7 42. Rxc7 Ng5 43. Rc6 Ne4 44. fxe4 dxe4 45. Kg2 f3+
46. Kf1 f2 47. Ne2 e3 48. e6 1-0

[Event "Unna Open 2023"]
[Site "Unna"]
[Date "2023.12.28"]
[Round "3.6"]
[White "Gieseler, Felix"]
[Black "Torres-Kuckel, Rafael"]
[Result "0-1"]
[WhiteElo "1948"]
[BlackElo "2128"]
[PlyCount "68"]
[EventDate "2023.12.??"]
[EventType "swiss"]
[EventRounds "7"]
[EventCountry "GER"]
[Tiebreak "Progressive score"]
[SourceVersionDate "2023.12.27"]

{[%evp 0,68,26,12,49,52,52,39,43,47,64,43,86,71,76,64,60,54,53,28,38,14,12,-38,
-35,-20,-28,-40,-40,-196,-220,-211,-192,-192,-140,-145,-128,-129,-106,-147,
-132,-160,-157,-238,-184,-184,-152,-299,-299,-300,-146,-147,-79,-41,-74,-97,
-86,-86,-32,-53,-41,-113,-105,-637,-647,-689,-720,-29981,-837,-839,-860]} 1. e4
c5 2. Nf3 e6 3. d4 cxd4 4. Nxd4 a6 5. Bd3 Qc7 6. O-O d6 7. c4 Nd7 8. Nc3 Ngf6
9. Qe2 Ne5 10. Kh1 Bd7 11. f4 Nxd3 12. Qxd3 Rc8 13. b3 b5 14. Ncxb5 axb5 15.
Nxb5 Bxb5 16. cxb5 Be7 17. a4 O-O 18. Bb2 Qb7 19. Rfe1 d5 20. exd5 Rfd8 21. f5
Rxd5 22. Qf3 exf5 23. b6 Ne4 24. a5 Bb4 25. a6 Qxb6 26. Rxe4 Ra5 27. Rxa5 Qxa5
28. Rc4 Re8 29. Rc1 Qxa6 30. h3 Qb5 31. Qc6 Re1+ 32. Kh2 Qb8+ 33. Qc7 Qxc7+ 34.
Rxc7 Bd6+ 0-1

[Event "Unna Open 2023"]
[Site "Unna"]
[Date "2023.12.28"]
[Round "3.7"]
[White "Patscha, Elias"]
[Black "Krüger, André"]
[Result "1-0"]
[WhiteElo "2077"]
[BlackElo "1907"]
[PlyCount "73"]
[EventDate "2023.12.??"]
[EventType "swiss"]
[EventRounds "7"]
[EventCountry "GER"]
[Tiebreak "Progressive score"]
[SourceVersionDate "2023.12.27"]

{[%evp 0,73,26,26,20,20,13,15,43,31,39,4,21,26,46,-8,28,-31,36,29,30,33,28,33,
30,30,27,1,-4,-4,0,0,0,0,0,0,10,-121,-103,-97,-129,-124,-67,-67,-52,-48,67,90,
67,0,228,0,0,-21,17,-51,-34,-60,-27,-45,-45,-44,-45,-45,56,35,43,43,34,-29,-29,
-29,29993,29994,29995,29996]} 1. d4 d5 2. Nc3 Nf6 3. Bf4 g6 4. e3 Nh5 5. Be5 f6
6. Bg3 Bg7 7. Bd3 O-O 8. Qf3 Nxg3 9. hxg3 c6 10. Rxh7 f5 11. Rh1 e5 12. dxe5
Nd7 13. Nge2 Nxe5 14. Qf4 g5 15. Qb4 a5 16. Qb3 b5 17. a3 Qe7 18. O-O-O b4 19.
Na4 Ng4 20. Nd4 Bxd4 21. exd4 Nxf2 22. Rde1 Ne4 23. Nc5 Be6 24. g4 a4 25. Qa2
b3 26. Qb1 Qd6 27. Nxe6 Qxe6 28. cxb3 Qd6 29. Rhf1 Ng3 30. Bxf5 Nxf1 31. Rxf1
Kg7 32. Qd3 axb3 33. Qe3 Qf6 34. Qxb3 Qxd4 35. Qb7+ Kf6 36. Qxc6+ Kf7 37. Qe6+
1-0

[Event "Unna Open 2023"]
[Site "Unna"]
[Date "2023.12.28"]
[Round "3.8"]
[White "Brieger, Sebastian"]
[Black "Ciornei, Dragos"]
[Result "1/2-1/2"]
[WhiteElo "1891"]
[BlackElo "2064"]
[PlyCount "50"]
[EventDate "2023.12.??"]
[EventType "swiss"]
[EventRounds "7"]
[EventCountry "GER"]
[Tiebreak "Progressive score"]
[SourceVersionDate "2023.12.27"]

1. e4 c5 2. c3 Nf6 3. e5 Nd5 4. Nf3 e6 5. d4 cxd4 6. cxd4 b6 7. Bc4 Ba6 8. Bxa6
Nxa6 9. O-O Be7 10. Nc3 Nac7 11. Ne4 f5 12. exf6 Nxf6 13. Qe2 O-O 14. Ne5 Ncd5
15. Re1 Rc8 16. Bg5 Nxe4 17. Bxe7 Qxe7 18. Qxe4 Rf4 19. Qd3 Rcf8 20. f3 d6 21.
Ng4 h5 22. Nf2 Qf6 23. Rad1 Rf5 24. Nh3 g5 25. Qe4 Ne7 1/2-1/2

[Event "Unna Open 2023"]
[Site "Unna"]
[Date "2023.12.28"]
[Round "3.9"]
[White "Georg, Felix"]
[Black "Bilau, Max"]
[Result "1-0"]
[WhiteElo "2051"]
[BlackElo "1553"]
[PlyCount "77"]
[EventDate "2023.12.??"]
[EventType "swiss"]
[EventRounds "7"]
[EventCountry "GER"]
[Tiebreak "Progressive score"]
[SourceVersionDate "2023.12.27"]

1. c4 d6 2. Nf3 Nf6 3. g3 g6 4. Bg2 Bg7 5. O-O O-O 6. Nc3 c5 7. d4 Nc6 8. d5
Nb4 9. e4 Bg4 10. a3 Na6 11. h3 Bxf3 12. Qxf3 Nd7 13. Bd2 Nc7 14. Qe2 a6 15.
Rab1 Rb8 16. a4 Qe8 17. f4 e6 18. Rfe1 exd5 19. exd5 Qxe2 20. Rxe2 Rfe8 21.
Rbe1 f5 22. Kf1 h5 23. Re7 Rbd8 24. Rxe8+ Rxe8 25. Rxe8+ Nxe8 26. Ke2 Nb6 27.
b3 Kf7 28. g4 hxg4 29. hxg4 Bxc3 30. Bxc3 fxg4 31. Kf2 Nd7 32. Kg3 Ndf6 33. Kh4
Ng7 34. Kg5 Nh7+ 35. Kxg4 Nf5 36. Be4 Nf6+ 37. Bxf6 Kxf6 38. Bxf5 gxf5+ 39. Kh5
1-0

[Event "Unna Open 2023"]
[Site "Unna"]
[Date "2023.12.28"]
[Round "3.11"]
[White "Dubinker, Philipp"]
[Black "Stricker, Florian"]
[Result "1/2-1/2"]
[WhiteElo "1793"]
[BlackElo "2229"]
[PlyCount "78"]
[EventDate "2023.12.??"]
[EventType "swiss"]
[EventRounds "7"]
[EventCountry "GER"]
[Tiebreak "Progressive score"]
[SourceVersionDate "2023.12.27"]

1. Nf3 d5 2. d4 e6 3. c4 h6 4. g3 Nf6 5. Bg2 Bd6 6. O-O O-O 7. Nc3 Nc6 8. Qc2
dxc4 9. Nb5 a6 10. Nxd6 cxd6 11. Qxc4 d5 12. Qb3 b5 13. Bf4 Qb6 14. Rfd1 Ne4
15. Ne5 Nxe5 16. Bxe5 Bb7 17. Rac1 Rfc8 18. Qd3 b4 19. h4 a5 20. f3 Ba6 21. Qe3
Nd6 22. Bxd6 Qxd6 23. f4 a4 24. Bf1 Bc4 25. b3 axb3 26. axb3 Ra3 27. Rd3 Ba6
28. Rxc8+ Bxc8 29. Rd2 Ba6 30. Rc2 Bc4 31. Rb2 Bxb3 32. Rxb3 Qa6 33. f5 Rxb3
34. Qxb3 Qa3 35. Qf3 exf5 36. Qxf5 Qxg3+ 37. Bg2 Qe1+ 38. Bf1 Qg3+ 39. Bg2 Qe1+
1/2-1/2

[Event "Unna Open 2023"]
[Site "Unna"]
[Date "2023.12.28"]
[Round "3.12"]
[White "Junk, Phillip"]
[Black "Küsgen, Dirk"]
[Result "1-0"]
[WhiteElo "2123"]
[BlackElo "1805"]
[PlyCount "111"]
[EventDate "2023.12.??"]
[EventType "swiss"]
[EventRounds "7"]
[EventCountry "GER"]
[Tiebreak "Progressive score"]
[SourceVersionDate "2023.12.27"]

1. e4 c5 2. Nf3 Nf6 3. e5 Nd5 4. Nc3 e6 5. Nxd5 exd5 6. d4 Nc6 7. dxc5 Bxc5 8.
Qxd5 Qb6 9. Bc4 Bxf2+ 10. Ke2 O-O 11. Rf1 Bc5 12. Ng5 Nd4+ 13. Kd1 Ne6 14. Ne4
d6 15. exd6 Rd8 16. Qh5 Bxd6 17. Bd3 Nf8 18. Qxf7+ Kh8 19. Bd2 Bg4+ 20. Kc1 Be5
21. Qb3 Qc7 22. Ng5 Bh5 23. Nf7+ Bxf7 24. Qxf7 Qc5 25. Qc4 Qd6 26. Qe4 Ng6 27.
Bc3 Rac8 28. Bxe5 Qxe5 29. Qxe5 Nxe5 30. Be4 b6 31. b3 Nd3+ 32. Bxd3 Rxd3 33.
Rd1 Rdc3 34. Rd2 Kg8 35. Kb2 Kf7 36. Rf1+ Kg8 37. Rfd1 R8c7 38. Rd8+ Kf7 39.
R1d2 Ke7 40. R8d4 h5 41. Rd5 g6 42. R5d3 R3c6 43. Re2+ Kf6 44. Rf3+ Kg7 45. c3
Rd7 46. Kc2 Rcd6 47. Rff2 Rd5 48. Rd2 a5 49. Rxd5 Rxd5 50. Rd2 Re5 51. Kd3 Re6
52. Kc4 Kf6 53. Kb5 Ke7 54. c4 Ke8 55. c5 bxc5 56. Kxa5 1-0

[Event "Unna Open 2023"]
[Site "Unna"]
[Date "2023.12.28"]
[Round "3.13"]
[White "Meyer, Ulrich"]
[Black "Wichtrup, Jan-Louis"]
[Result "0-1"]
[WhiteElo "1829"]
[BlackElo "2105"]
[PlyCount "72"]
[EventDate "2023.12.??"]
[EventType "swiss"]
[EventRounds "7"]
[EventCountry "GER"]
[Tiebreak "Progressive score"]
[SourceVersionDate "2023.12.27"]

1. e4 e5 2. Nc3 Nf6 3. g3 d5 4. exd5 Nxd5 5. Bg2 Nxc3 6. bxc3 Nc6 7. Ne2 Be6 8.
d3 Bd5 9. O-O Bxg2 10. Kxg2 Qd5+ 11. f3 O-O-O 12. c4 Qe6 13. Be3 h5 14. h3 Be7
15. Nc3 f5 16. Qe2 g5 17. Bf2 Bb4 18. Nd5 Rxd5 19. cxd5 Qxd5 20. c4 Qd6 21.
Rfd1 Bc5 22. Rab1 Bxf2 23. Kxf2 Nd4 24. Qe3 Qc6 25. f4 h4 26. fxg5 f4 27. Qe4
hxg3+ 28. Kg2 Rh5 29. Qxc6 bxc6 30. h4 Rxh4 31. Rh1 Rg4 32. Rh5 Ne6 33. Re1
Nxg5 34. Rxe5 f3+ 35. Kg1 f2+ 36. Kg2 f1=Q+ 0-1

[Event "Unna Open 2023"]
[Site "Unna"]
[Date "2023.12.28"]
[Round "3.14"]
[White "Dahlbeck, Mirko"]
[Black "Winter, Magnus"]
[Result "1-0"]
[WhiteElo "2013"]
[BlackElo "1780"]
[PlyCount "39"]
[EventDate "2023.12.??"]
[EventType "swiss"]
[EventRounds "7"]
[EventCountry "GER"]
[Tiebreak "Progressive score"]
[SourceVersionDate "2023.12.27"]

1. e4 c5 2. Nf3 Nc6 3. Bb5 g6 4. O-O Bg7 5. Re1 e5 6. Bxc6 dxc6 7. a3 Ne7 8. b4
Qd6 9. bxc5 Qxc5 10. a4 O-O 11. Ba3 Qa5 12. Bxe7 Re8 13. Bg5 f5 14. d3 f4 15.
Nbd2 h6 16. Bh4 g5 17. Bxg5 hxg5 18. Nxg5 Qd8 19. Qh5 Qf6 20. Qxe8+ 1-0

[Event "Unna Open 2023"]
[Site "Unna"]
[Date "2023.12.28"]
[Round "3.15"]
[White "Nadan, Nikolas"]
[Black "Ringwelski, Marius"]
[Result "1-0"]
[WhiteElo "1641"]
[BlackElo "1986"]
[PlyCount "52"]
[EventDate "2023.12.??"]
[EventType "swiss"]
[EventRounds "7"]
[EventCountry "GER"]
[Tiebreak "Progressive score"]
[SourceVersionDate "2023.12.27"]

1. e4 c5 2. Nc3 Nc6 3. Bb5 d6 4. Bxc6+ bxc6 5. f4 g6 6. Nf3 Bg7 7. d3 Nf6 8. e5
Nd5 9. O-O O-O 10. Ne4 Qc7 11. exd6 exd6 12. Nh4 f5 13. Ng5 Rb8 14. Qf3 Bxb2
15. Bxb2 Rxb2 16. Rfe1 Rxc2 17. Ne6 Bxe6 18. Rxe6 Qg7 19. Rae1 Qd4+ 20. Kh1
Nxf4 21. Re7 Nd5 22. Rd7 Qxh4 23. Rg1 Re8 24. Qd1 Rxg2 25. Rg7+ Kxg7 26. Qa1+
Kg8 1-0

[Event "Unna Open 2023"]
[Site "Unna"]
[Date "2023.12.28"]
[Round "3.16"]
[White "Bauch, Olaf"]
[Black "Wiese, Thomas"]
[Result "1-0"]
[WhiteElo "1923"]
[BlackElo "1694"]
[PlyCount "69"]
[EventDate "2023.12.??"]
[EventType "swiss"]
[EventRounds "7"]
[EventCountry "GER"]
[Tiebreak "Progressive score"]
[SourceVersionDate "2023.12.27"]

1. e4 e5 2. Nf3 Nc6 3. Bb5 a6 4. Ba4 Nf6 5. O-O Be7 6. Re1 b5 7. Bb3 d6 8. c3
O-O 9. h3 Re8 10. d4 Bf8 11. Nbd2 Bb7 12. a4 exd4 13. cxd4 Na5 14. Bc2 c5 15.
d5 Nd7 16. Nf1 g6 17. b3 Bg7 18. Ra2 b4 19. Ne3 Nf6 20. Nd2 Bc8 21. Nec4 Nxc4
22. Nxc4 Ra7 23. Bf4 Rd7 24. Bd3 Nh5 25. Bh2 Bc3 26. Rf1 Qf6 27. Qf3 Qxf3 28.
gxf3 Be5 29. Nxe5 dxe5 30. Rc1 Rc7 31. Rac2 Bxh3 32. Rxc5 Rxc5 33. Rxc5 Rc8 34.
Rxc8+ Bxc8 35. Bxe5 1-0

[Event "Unna Open 2023"]
[Site "Unna"]
[Date "2023.12.28"]
[Round "3.17"]
[White "Westermann, Walter"]
[Black "Wenning, Niels"]
[Result "1/2-1/2"]
[WhiteElo "1681"]
[BlackElo "1914"]
[PlyCount "45"]
[EventDate "2023.12.??"]
[EventType "swiss"]
[EventRounds "7"]
[EventCountry "GER"]
[Tiebreak "Progressive score"]
[SourceVersionDate "2023.12.27"]

1. e4 e5 2. Nf3 Nc6 3. Bb5 Nge7 4. O-O g6 5. d4 exd4 6. Nxd4 Bg7 7. Be3 O-O 8.
Nc3 a6 9. Ba4 d6 10. a3 Bd7 11. Bb3 Kh8 12. Qd2 f5 13. Nxc6 Nxc6 14. Bg5 Qc8
15. Bh6 fxe4 16. Bxg7+ Kxg7 17. Nxe4 Qe8 18. Rae1 Qe5 19. Nc3 Qc5 20. Ne4 Qe5
21. Nc3 Qc5 22. Ne4 Qe5 23. Nc3 1/2-1/2

[Event "Unna Open 2023"]
[Site "Unna"]
[Date "2023.12.28"]
[Round "3.18"]
[White "Alberts, Kai"]
[Black "Kramer, Martin"]
[Result "1/2-1/2"]
[WhiteElo "1907"]
[BlackElo "1622"]
[PlyCount "39"]
[EventDate "2023.12.??"]
[EventType "swiss"]
[EventRounds "7"]
[EventCountry "GER"]
[Tiebreak "Progressive score"]
[SourceVersionDate "2023.12.27"]

1. d4 d5 2. Nf3 Nf6 3. g3 Bf5 4. Bg2 e6 5. O-O h6 6. c4 c6 7. Nc3 Be7 8. b3 O-O
9. Bb2 Nbd7 10. Ne5 Nxe5 11. dxe5 Nd7 12. e4 dxe4 13. Nxe4 Bxe4 14. Bxe4 Nc5
15. Bc2 Qxd1 16. Raxd1 Rfd8 17. b4 Nd7 18. a3 a5 19. b5 cxb5 20. cxb5 1/2-1/2